Normal view MARC view
  • Taeger, Marc,

Entry Nombre Personal

Number of records used in: 1

001 - NUMERO DE CONTROL

  • campo de control: 51561

003 - IDENTIFICADOR DE NUMERO DE CONTROL

  • campo de control: UPN

005 - FECHA Y HORA DE LA ÜLTIMA TRANSACCIÓN

  • campo de control: 20240415162815.0

008 - DATOS DE LONGITUD FIJA

  • campo de control de longitud fija: 240415|| aca||aabn | aaa d

040 ## - FUENTE DE CATALOGACIÓN

  • Agencia original de catalogación: MX-MxUPN
  • Lenguaje de catalogación: spa
  • Agencia de transcripción: MX-MxUPN

100 1# - ENCABEZAMIENTO - NOMBRE PERSONAL

  • Nombre personal: Taeger, Marc,
  • Fechas asociadas con el nombre: 1963-

370 ## - LUGAR ASOCIADO

  • Fuente del término: $naf
  • Place of birth: Berna (Suiza)
  • Place of residence/headquarters: Barcelona (España)
  • Start period: 1975

374 ## - OCUPACIÓN

  • Occupation: Ilustrador
  • Occupation: Artista

670 ## - FUENTE EN LA QUE SE LOCALIZARON DATOS

  • Cita de la fuente: LC, 15 abril 2024:
  • Información localizada: (Taeger, Marc)
  • Uniform Resource Identifier: https://lccn.loc.gov/no2018029033

902 ## - CATALOGADOR

  • Catalogador: MaríaRobles/150424